Contracts instruments for social cooperation East Africa: Ian R. Macneil

محفوظ في:
التفاصيل البيبلوغرافية
المؤلف الرئيسي: Macneil Ian R.
التنسيق: كتاب
منشور في: Dar es Salaam: Fred B. Rothman & co. South Hackensack, N.J. c1968.
الموضوعات:
الوسوم: إضافة وسم
لا توجد وسوم, كن أول من يضع وسما على هذه التسجيلة!

MARC

LEADER 00000cam a22000001 4500
005 20260414081702.0
020 |a N/A  |c TZS 10,000/= 
040 |a MCCL  |b eng.  |e AACR 2nd rev. ed. 
082 |a 347.409676 MAC 
100 1 |a Macneil Ian R. 
245 0 2 |a Contracts instruments for social cooperation East Africa:  |c text cases materials/  |b Ian R. Macneil 
260 |a Dar es Salaam:  |b Fred B. Rothman & co. South Hackensack, N.J.  |c c1968. 
300 |a 746p.:  |c 24cm. 
546 |a eng. 
650 0 |a law of contract 
650 0 |a Customary law 
942 |c BK 
999 |c 12591  |d 12591